[Event "EU-Cup Online Gr-I"]
[Site "Tornelo INT"]
[Date "2021.03.28"]
[Round "9.2"]
[White "Tomczak, Jacek"]
[Black "Bilquez, Romain"]
[Result "1-0"]
[WhiteElo "2610"]
[BlackElo "2276"]
[PlyCount "77"]
[EventDate "2021.03.27"]
[EventType "team-tourn (rapid)"]
[EventRounds "9"]
[EventCountry "NET"]
[SourceTitle "CBM 201 Extra"]
[Source "ChessBase"]
[SourceDate "2021.05.31"]
[SourceVersion "1"]
[SourceVersionDate "2021.05.31"]
[SourceQuality "1"]
[WhiteTeam "Poland Hussars"]
[BlackTeam "Chartres II"]
[WhiteTeamCountry "POL"]
[BlackTeamCountry "FRA"]

1. e4 e6 2. d4 d5 3. Nc3 Nf6 4. e5 Nfd7 5. f4 c5 6. Nf3 Nc6 7. Be3 Qb6 8. Na4 Qa5+ 9. c3 c4 10. b4 Qa6 11. a3 b5 12. Nc5 Qb6 13. g3 Be7 14. Bh3 g6 15. 0-0 h5 16. a4 a5 17. axb5 Qxb5 18. Qc2 Nxc5 19. bxc5 a4 20. Rfb1 Qa5 21. Bc1 Bd7 22. Ra2 Qa7 23. Ba3 Na5 24. Ng5 Nb3 25. Rf1 Qa6 26. Qd1 Rb8 27. Raf2 Qa5 28. Qc2 Qa6 29. c6 Qxc6 30. Bxe7 Kxe7 31. Qa2 Nc5 32. dxc5 Qxc5 33. Kh1 Rb3 34. Qc2 a3 35. Nxf7 Rf8 36. Nd6 Rb2 37. Qxg6 Rxf2 38. Qg5+ Rf6 39. Qxf6# 1-0

[Event "EU-Cup Online Gr-I"]
[Site "Tornelo INT"]
[Date "2021.03.27"]
[Round "4.2"]
[White "Bulmaga, Irina"]
[Black "Bilquez, Romain"]
[Result "1-0"]
[WhiteElo "2440"]
[BlackElo "2276"]
[PlyCount "117"]
[EventDate "2021.03.27"]
[EventType "team-tourn (rapid)"]
[EventRounds "9"]
[EventCountry "NET"]
[SourceTitle "CBM 201 Extra"]
[Source "ChessBase"]
[SourceDate "2021.05.31"]
[SourceVersion "1"]
[SourceVersionDate "2021.05.31"]
[SourceQuality "1"]
[WhiteTeam "Schwaebisch Hall (W)"]
[BlackTeam "Chartres II"]
[WhiteTeamCountry "GER"]
[BlackTeamCountry "FRA"]

1. e4 e6 2. d4 d5 3. Nc3 Nf6 4. e5 Nfd7 5. f4 c5 6. Nf3 Nc6 7. Be3 Qb6 8. Na4 Qa5+ 9. c3 c4 10. b4 Qa6 11. a3 b5 12. Nc5 Qb6 13. Be2 a5 14. 0-0 g6 15. Qd2 Nxc5 16. dxc5 Qc7 17. Nd4 Nxd4 18. Bxd4 h5 19. g3 Bd7 20. Bf3 a4 21. h3 Be7 22. Rae1 0-0-0 23. Kg2 Rdg8 24. g4 Rh7 25. Bf2 Rgh8 26. gxh5 gxh5 27. Kh1 Bc6 28. Qd4 Qd8 29. Rg1 Bh4 30. Rg2 Bxf2 31. Qxf2 f6 32. Rg6 Rh6 33. Rxh6 Rxh6 34. Qg3 fxe5 35. Rxe5 Qf6 36. f5 exf5 37. Qf4 Rg6 38. Rxf5 Qe6 39. Kh2 Qe1 40. Rf8+ Be8 41. Qf5+ Kd8 42. Rxe8+ Qxe8 43. Bxh5 Qe1 44. Bxg6 Qd2+ 45. Kg1 Qe3+ 46. Kg2 Qd2+ 47. Kg3 Qxc3+ 48. Kg4 Qd4+ 49. Kh5 c3 50. Qf8+ Kc7 51. Qd6+ Kb7 52. Qb6+ Ka8 53. Qa6+ Kb8 54. Qxb5+ Ka7 55. Qxa4+ Kb8 56. Qe8+ Ka7 57. Qe7+ Kb8 58. c6 Qe5+ 59. Qxe5+ 1-0

[Event "FRA-chT 16 Final-B"]
[Site "Playchess.com INT"]
[Date "2021.01.17"]
[Round "15"]
[White "Buscara, Sevan"]
[Black "Bilquez, Romain"]
[Result "0-1"]
[WhiteElo "2411"]
[BlackElo "2276"]
[PlyCount "106"]
[EventDate "2021.01.16"]
[EventType "team-tourn (blitz)"]
[EventRounds "15"]
[EventCountry "FRA"]
[SourceTitle "CBM 200 Extra"]
[Source "ChessBase"]
[SourceDate "2021.03.31"]
[SourceVersion "1"]
[SourceVersionDate "2021.03.31"]
[SourceQuality "1"]
[WhiteTeam "Lyon"]
[BlackTeam "Chartres"]
[WhiteTeamCountry "FRA"]
[BlackTeamCountry "FRA"]

1. e4 e6 2. d4 d5 3. Nd2 Nf6 4. e5 Nfd7 5. Bd3 c5 6. c3 Nc6 7. Ne2 cxd4 8. cxd4 f6 9. exf6 Nxf6 10. Nf3 Bd6 11. 0-0 0-0 12. Bf4 Be7 13. Re1 Ne4 14. a3 Bd6 15. Qc1 Bxf4 16. Nxf4 Qf6 17. Ne2 Bd7 18. Qe3 Nd6 19. Ne5 Rad8 20. Ng3 Qf4 21. Nxc6 bxc6 22. Rac1 Qxe3 23. fxe3 a5 24. e4 Rb8 25. Rc2 Rb3 26. Bf1 Rfb8 27. exd5 cxd5 28. Ree2 Nc4 29. Rf2 Nxb2 30. Nh5 Nd1 31. Rf4 Ne3 32. Rc7 R3b7 33. Rc3 Rb3 34. Rc7 R8b7 35. Rxb7 Rxb7 36. Rf3 Nc2 37. Rg3 g6 38. Ba6 Rc7 39. h4 Nxd4 40. Bd3 Kf7 41. Nf4 Rc5 42. h5 Nf5 43. Bxf5 gxf5 44. h6 Kf6 45. Rg7 Ba4 46. Nh5+ Ke5 47. Rxh7 d4 48. Re7 d3 49. h7 Rc8 50. Ng7 d2 51. Rxe6+ Kd5 52. Rd6+ Kxd6 53. Nxf5+ Ke5 0-1

[Event "FRA-chT 16 Final-B"]
[Site "Playchess.com INT"]
[Date "2021.01.16"]
[Round "7"]
[White "Bilquez, Romain"]
[Black "Adrian, Claude"]
[Result "1-0"]
[WhiteElo "2276"]
[BlackElo "2240"]
[PlyCount "79"]
[EventDate "2021.01.16"]
[EventType "team-tourn (blitz)"]
[EventRounds "15"]
[EventCountry "FRA"]
[SourceTitle "CBM 200 Extra"]
[Source "ChessBase"]
[SourceDate "2021.03.31"]
[SourceVersion "1"]
[SourceVersionDate "2021.03.31"]
[SourceQuality "1"]
[WhiteTeam "Chartres"]
[BlackTeam "Vandoeuvre"]
[WhiteTeamCountry "FRA"]
[BlackTeamCountry "FRA"]

1. e4 e6 2. Nf3 d5 3. e5 c5 4. b4 cxb4 5. a3 Nc6 6. d4 f6 7. axb4 fxe5 8. Nxe5 Nxe5 9. dxe5 Bxb4+ 10. c3 Bc5 11. Qg4 Qc7 12. Bb5+ Kf8 13. Qf3+ Qf7 14. Qe2 Ne7 15. 0-0 h5 16. Be3 b6 17. Nd2 Nf5 18. Nb3 Qe7 19. Nxc5 bxc5 20. Ra5 d4 21. cxd4 cxd4 22. Bd2 Bb7 23. Rb1 Bd5 24. Bd3 Kg8 25. Bxf5 Bxg2 26. Kxg2 exf5 27. Qf3 Rf8 28. Rb7 Qe6 29. Raxa7 Rh7 30. Qb3 Qxb3 31. Rxb3 Re8 32. f4 Rh6 33. Rab7 Kh7 34. R3b6 Rxb6 35. Rxb6 Rc8 36. Rd6 Rc4 37. Kf3 h4 38. Ke2 Ra4 39. Rd5 Kg6 40. Ra5 1-0

[Event "FRA-chT 16 Final-B"]
[Site "Playchess.com INT"]
[Date "2021.01.16"]
[Round "5"]
[White "Bilquez, Romain"]
[Black "Devallee, Jeremie"]
[Result "1/2-1/2"]
[WhiteElo "2276"]
[BlackElo "2220"]
[PlyCount "106"]
[EventDate "2021.01.16"]
[EventType "team-tourn (blitz)"]
[EventRounds "15"]
[EventCountry "FRA"]
[SourceTitle "CBM 200 Extra"]
[Source "ChessBase"]
[SourceDate "2021.03.31"]
[SourceVersion "1"]
[SourceVersionDate "2021.03.31"]
[SourceQuality "1"]
[WhiteTeam "Chartres"]
[BlackTeam "Chartres"]
[WhiteTeamCountry "FRA"]
[BlackTeamCountry "FRA"]

1. e4 e5 2. Nf3 Nc6 3. d4 exd4 4. Bc4 Nf6 5. 0-0 Bc5 6. e5 d5 7. exf6 dxc4 8. Re1+ Be6 9. Ng5 g6 10. Qf3 0-0 11. Rxe6 fxe6 12. f7+ Kh8 13. Nxe6 Qe7 14. Bg5 Qxf7 15. Qxf7 Rxf7 16. Nxc5 Re8 17. Nd2 Kg7 18. f3 Rf5 19. Nce4 c3 20. bxc3 dxc3 21. Bf6+ Rxf6 22. Nxf6 Kxf6 23. Ne4+ Kf7 24. Rb1 b6 25. Rb3 Nd4 26. Ra3 a5 27. Kf2 Nb5 28. Rb3 Re5 29. a4 Nd4 30. Rxc3 Ne6 31. h4 h6 32. Ke3 Rd5 33. g4 g5 34. h5 Ke7 35. Ng3 Rc5 36. Nf5+ Kf6 37. Rxc5 Nxc5 38. Nxh6 Nxa4 39. Nf5 Nc5 40. Kd4 Ne6+ 41. Kc3 b5 42. Kb3 c5 43. c4 b4 44. Ka4 Nd4 45. Ng3 Nxf3 46. Ne4+ Kg7 47. Nxc5 Ne5 48. Kxa5 Nxc4+ 49. Kxb4 Ne5 50. Ne6+ Kh6 51. Nxg5 Nxg4 52. Kc4 Kxg5 53. h6 Nxh6 1/2-1/2

[Event "FRA-chT 16 Final-B"]
[Site "Playchess.com INT"]
[Date "2021.01.16"]
[Round "8"]
[White "Mathieu, Phileas"]
[Black "Bilquez, Romain"]
[Result "1-0"]
[WhiteElo "2240"]
[BlackElo "2276"]
[PlyCount "95"]
[EventDate "2021.01.16"]
[EventType "team-tourn (blitz)"]
[EventRounds "15"]
[EventCountry "FRA"]
[SourceTitle "CBM 200 Extra"]
[Source "ChessBase"]
[SourceDate "2021.03.31"]
[SourceVersion "1"]
[SourceVersionDate "2021.03.31"]
[SourceQuality "1"]
[WhiteTeam "Vandoeuvre"]
[BlackTeam "Chartres"]
[WhiteTeamCountry "FRA"]
[BlackTeamCountry "FRA"]

1. e4 e6 2. d3 d5 3. Qe2 Nf6 4. Nf3 Be7 5. g3 c5 6. Bg2 Nc6 7. 0-0 b6 8. e5 Nd7 9. c4 d4 10. h4 Bb7 11. Bf4 Qc7 12. Nbd2 0-0-0 13. a3 h6 14. Rfe1 Rdg8 15. g4 g5 16. hxg5 hxg5 17. Bg3 Rh7 18. Ne4 Qd8 19. b4 cxb4 20. axb4 Bxb4 21. Reb1 a5 22. Nd6+ Bxd6 23. exd6 Rgh8 24. Qe4 Qf6 25. Kf1 Nb4 26. Qe2 Nc5 27. Be5 Bxf3 28. Bxf3 Qg6 29. Bxh8 Rxh8 30. Rxb4 axb4 31. Ra8+ Kd7 32. Rxh8 Nxd3 33. Qe4 Qxe4 34. Bxe4 Nc5 35. Bb1 Kxd6 36. Ke2 e5 37. Rf8 Ke7 38. Rb8 Na4 39. Bc2 b3 40. Bxb3 Nc5 41. Bc2 e4 42. Bb1 d3+ 43. Ke3 Na4 44. Kxe4 Nc3+ 45. Kxd3 Na4 46. Kd4 Kd6 47. Bc2 Nc5 48. Rxb6+ 1-0

[Event "FRA-chT Top 16 Philidor"]
[Site "Playchess.com INT"]
[Date "2021.01.09"]
[Round "12"]
[White "Efimov, Igor"]
[Black "Bilquez, Romain"]
[Result "1/2-1/2"]
[WhiteElo "2416"]
[BlackElo "2276"]
[PlyCount "116"]
[EventDate "2021.01.09"]
[EventType "team-tourn (rapid)"]
[EventRounds "12"]
[EventCountry "FRA"]
[SourceTitle "CBM 200 Extra"]
[Source "ChessBase"]
[SourceDate "2021.03.31"]
[SourceVersion "1"]
[SourceVersionDate "2021.03.31"]
[SourceQuality "1"]
[WhiteTeam "Monaco"]
[BlackTeam "Chartres"]
[WhiteTeamCountry "MNC"]
[BlackTeamCountry "FRA"]

1. d4 Nf6 2. Bg5 e6 3. Nd2 d5 4. e4 h6 5. Bxf6 Qxf6 6. e5 Qd8 7. Bd3 c5 8. c3 Qb6 9. Ne2 c4 10. Bc2 Qxb2 11. 0-0 Nc6 12. f4 g6 13. g4 Qa3 14. f5 gxf5 15. gxf5 Bd7 16. fxe6 fxe6 17. Bg6+ Kd8 18. Qb1 Rg8 19. Kh1 Kc7 20. Rf3 Be7 21. Qc2 Bg5 22. Bf7 Rg7 23. Raf1 Rf8 24. Ng3 Qe7 25. Bh5 Rxf3 26. Rxf3 Bxd2 27. Qxd2 Qg5 28. Qxg5 hxg5 29. Bg4 b5 30. Nh5 Re7 31. a3 a5 32. Nf6 b4 33. axb4 axb4 34. cxb4 Nxd4 35. Rf1 Nc6 36. Ng8 Rg7 37. Nf6 Nxe5 38. Bxe6 d4 39. Nxd7 Nxd7 40. Bxc4 Nb6 41. Bd3 Nd5 42. b5 Nf4 43. Bc4 Kb6 44. Rg1 Kc5 45. Bf1 d3 46. Bxd3 Nxd3 47. h4 g4 48. Kg2 Nf4+ 49. Kh2 Nh5 50. Kg2 g3 51. Rf1 Kd4 52. Rf5 Rh7 53. Kf3 Ng7 54. Rf7 Kc5 55. h5 Kxb5 56. h6 Rxh6 57. Rxg7 Rf6+ 58. Kxg3 Kc5 1/2-1/2

[Event "FRA-chT Top 16 Philidor"]
[Site "Playchess.com INT"]
[Date "2021.01.09"]
[Round "7"]
[White "Gharamian, Tigran"]
[Black "Bilquez, Romain"]
[Result "1-0"]
[WhiteElo "2602"]
[BlackElo "2276"]
[PlyCount "135"]
[EventDate "2021.01.09"]
[EventType "team-tourn (rapid)"]
[EventRounds "12"]
[EventCountry "FRA"]
[SourceTitle "CBM 200 Extra"]
[Source "ChessBase"]
[SourceDate "2021.03.31"]
[SourceVersion "1"]
[SourceVersionDate "2021.03.31"]
[SourceQuality "1"]
[WhiteTeam "Nice"]
[BlackTeam "Chartres"]
[WhiteTeamCountry "FRA"]
[BlackTeamCountry "FRA"]

1. e4 e6 2. d4 d5 3. Nd2 Nf6 4. e5 Nfd7 5. c3 c5 6. Bd3 Nc6 7. Qg4 f5 8. Qf4 g5 9. Qe3 cxd4 10. cxd4 f4 11. Qh3 Qe7 12. Qh5+ Qf7 13. Qxf7+ Kxf7 14. Ne2 Bg7 15. h4 h6 16. hxg5 hxg5 17. Rxh8 Bxh8 18. Nf3 Ndxe5 19. dxe5 Nxe5 20. Nxg5+ Kf6 21. Nh7+ Kg7 22. Bc2 f3 23. gxf3 Nxf3+ 24. Kd1 e5 25. Ng5 Nxg5 26. Bxg5 e4 27. Be3 Kf7 28. Nd4 Bf6 29. Kd2 Bg4 30. Bb3 Rd8 31. Rh1 Bg7 32. Rg1 Bc8 33. Rxg7+ Kxg7 34. a4 a6 35. a5 Kf7 36. Bg5 Rd6 37. Bf4 Rd8 38. Bc7 Rd7 39. Bb6 Kf6 40. Ke3 Ke5 41. Ne2 Rf7 42. Bd4+ Kd6 43. Nf4 Be6 44. Ba2 Rc7 45. b4 Rc2 46. Bc5+ Ke5 47. Bd4+ Kd6 48. Bb3 Rc1 49. Kd2 Rb1 50. Kc2 Rh1 51. Ba2 Rh4 52. Be5+ Kd7 53. Bxd5 Bxd5 54. Nxd5 Ke6 55. Bg3 Rg4 56. Ne3 Rg8 57. Kc3 Rd8 58. Ng2 Rd3+ 59. Kc2 Rd4 60. Nf4+ Kf5 61. Kc3 Rd1 62. Ng2 Rd3+ 63. Kc4 Kg4 64. Kc5 Rb3 65. Ne3+ Rxe3 66. fxe3 Kxg3 67. Kd5 Kf3 68. Kd4 1-0

[Event "Europe Echecs online op April"]
[Site "Europe Echecs INT"]
[Date "2020.04.11"]
[Round "5"]
[White "Bilquez, Romain"]
[Black "Bauer, Christian"]
[Result "0-1"]
[WhiteElo "2163"]
[BlackElo "2631"]
[PlyCount "84"]
[EventDate "2020.04.11"]
[EventType "swiss (blitz)"]
[EventRounds "11"]
[EventCountry "FRA"]
[SourceTitle "EXT 2021"]
[Source "ChessBase"]
[SourceDate "2020.10.23"]
[SourceVersion "1"]
[SourceVersionDate "2020.10.23"]
[SourceQuality "1"]

1. e4 Nc6 2. d4 e5 3. Nf3 exd4 4. Bc4 g6 5. Nxd4 Bg7 6. Nxc6 bxc6 7. Nc3 d6 8. 0-0 Ne7 9. Bg5 h6 10. Qf3 0-0 11. Bf6 Rb8 12. Bxg7 Kxg7 13. Bb3 a5 14. Qd3 c5 15. f4 Nc6 16. f5 Ne5 17. Qg3 Qg5 18. Qxg5 hxg5 19. f6+ Kh6 20. Rab1 Ba6 21. Rfe1 g4 22. Nd5 Rb7 23. Ne7 Kg5 24. Nd5 c6 25. Ne3 c4 26. Ba4 Kxf6 27. b3 cxb3 28. axb3 Ke7 29. Rbd1 Rb4 30. c4 Rfb8 31. Rd2 Bxc4 32. bxc4 Rxa4 33. Red1 Nxc4 34. Nxc4 Rxc4 35. Rxd6 Rxe4 36. Rd7+ Kf8 37. Rf1 Re7 38. Rd6 Kg7 39. Rxc6 Rb2 40. Rc4 f5 41. h3 Ree2 42. Rff4 Rxg2+ 0-1

[Event "Europe Echecs online op April"]
[Site "Europe Echecs INT"]
[Date "2020.04.11"]
[Round "4"]
[White "Efimov, Igor"]
[Black "Bilquez, Romain"]
[Result "0-1"]
[WhiteElo "2435"]
[BlackElo "2163"]
[PlyCount "64"]
[EventDate "2020.04.11"]
[EventType "swiss (blitz)"]
[EventRounds "11"]
[EventCountry "FRA"]
[SourceTitle "EXT 2021"]
[Source "ChessBase"]
[SourceDate "2020.10.23"]
[SourceVersion "1"]
[SourceVersionDate "2020.10.23"]
[SourceQuality "1"]

1. d4 Nf6 2. Bg5 d5 3. Nd2 h6 4. Bxf6 gxf6 5. e3 e5 6. Ngf3 Nc6 7. Bb5 e4 8. Ng1 Rg8 9. g3 a6 10. Bf1 Bg4 11. Be2 Be6 12. Bh5 Qd7 13. Ne2 0-0-0 14. Nf4 Bd6 15. c3 Bxf4 16. exf4 Bf5 17. Nf1 Bh3 18. Ne3 f5 19. b4 Kb8 20. a4 a5 21. bxa5 Nxa5 22. Rb1 b6 23. Rb5 Qc6 24. Bxf7 Rgf8 25. Bxd5 Qxc3+ 26. Qd2 Qa1+ 27. Nd1 Qxa4 28. Nc3 Qa3 29. Ba2 Nc6 30. Nd5 Qf3 31. Rg1 Qd3 32. Qa5 Nxa5 0-1

[Event "Europe Echecs online op March"]
[Site "Europe Echecs INT"]
[Date "2020.03.28"]
[Round "6"]
[White "Guliyev, Namig"]
[Black "Bilquez, Romain"]
[Result "1/2-1/2"]
[WhiteElo "2531"]
[BlackElo "2276"]
[PlyCount "162"]
[EventDate "2020.03.28"]
[EventType "swiss (blitz)"]
[EventRounds "9"]
[EventCountry "FRA"]
[SourceTitle "EXT 2021"]
[Source "ChessBase"]
[SourceDate "2020.10.23"]
[SourceVersion "1"]
[SourceVersionDate "2020.10.23"]
[SourceQuality "1"]

1. e4 e6 2. d4 d5 3. Nc3 Nf6 4. e5 Nfd7 5. Nce2 c5 6. c3 cxd4 7. cxd4 f6 8. exf6 Nxf6 9. a3 Bd6 10. Nf3 0-0 11. g3 Ne4 12. Bg2 Qa5+ 13. Bd2 Nxd2 14. Nxd2 Bd7 15. 0-0 Qb6 16. b4 a5 17. bxa5 Rxa5 18. a4 Qa6 19. Nc3 Qd3 20. Ndb1 Qxd1 21. Rxd1 Rc8 22. Ra2 Bb4 23. Rd3 b5 24. Rb2 Bxc3 25. Rxc3 Rxa4 26. Rxc8+ Bxc8 27. Rxb5 Nc6 28. Bf1 Rxd4 29. Rc5 Bd7 30. Nc3 Kf8 31. Bb5 Ne5 32. f4 Bxb5 33. Nxb5 Rd1+ 34. Kg2 Ng4 35. Kh3 h5 36. Kh4 Rh1 37. Kxh5 Nf6+ 38. Kg6 Rxh2 39. Rc8+ Ke7 40. Rc7+ Kf8 41. Rf7+ Ke8 42. Nd6+ Kd8 43. Rxg7 Ne4 44. Nf7+ Ke7 45. Ne5+ Kd6 46. g4 Rg2 47. Rd7+ Kc5 48. Kf7 Kd4 49. Nc6+ Ke3 50. f5 exf5 51. gxf5 Rf2 52. Ne7 Ng3 53. Rxd5 Nxf5 54. Nxf5+ Ke4 55. Ke6 Ra2 56. Nd6+ Kf4 57. Rd4+ Ke3 58. Nb5 Ra5 59. Rb4 Ra8 60. Kd5 Rd8+ 61. Nd6 Rh8 62. Nf5+ Kd2 63. Ke4 Re8+ 64. Kd4 Rd8+ 65. Ke5 Re8+ 66. Kd5 Rd8+ 67. Nd6 Rh8 68. Rd4+ Kc2 69. Kc4 Rh6 70. Ne4 Rc6+ 71. Nc5 Rh6 72. Rf4 Kd2 73. Re4 Rh8 74. Nb3+ Kd1 75. Kd3 Rh3+ 76. Kc4 Rh8 77. Nc5 Kd2 78. Re5 Rc8 79. Kd4 Rd8+ 80. Kc4 Rc8 81. Re4 Rh8 1/2-1/2

[Event "FRA-ch Accession"]
[Site "Agen"]
[Date "2017.08.24"]
[Round "6"]
[White "Bilquez, Romain"]
[Black "Le Goff, Ronan"]
[Result "1-0"]
[WhiteElo "2219"]
[BlackElo "2280"]
[PlyCount "87"]
[EventDate "2017.08.19"]
[EventType "swiss"]
[EventRounds "9"]
[EventCountry "FRA"]
[SourceTitle "EXT 2019"]
[Source "ChessBase"]
[SourceDate "2018.10.10"]
[SourceVersion "1"]
[SourceVersionDate "2018.10.10"]
[SourceQuality "1"]

1. e4 e5 2. Nf3 Nc6 3. d4 exd4 4. Bc4 Nf6 5. 0-0 Nxe4 6. Re1 d5 7. Bxd5 Qxd5 8. Nc3 Qa5 9. Nxe4 Be6 10. Bg5 h6 11. Bh4 Bc5 12. Qd3 Bb6 13. a3 Qa6 14. c4 dxc3 15. Qxc3 Kf8 16. Bf6 Rh7 17. Neg5 hxg5 18. Nxg5 Rh5 19. Bxg7+ Kg8 20. Ne4 Bxf2+ 21. Kxf2 Qb6+ 22. Re3 Rf5+ 23. Ke2 Rd8 24. Rg3 Qxb2+ 25. Ke3 Qxc3+ 26. Bxc3+ Kf8 27. Bf6 Rdd5 28. Rb1 Rb5 29. Bg7+ Ke7 30. Bf6+ Kd7 31. Rd1+ Rfd5 32. Rxd5+ Bxd5 33. Nc3 Rb3 34. Kf4 Bc4 35. h4 Rxa3 36. h5 Ra1 37. h6 Rh1 38. Rh3 Rf1+ 39. Kg5 Be6 40. g4 Rg1 41. Rh4 Ne7 42. Bxe7 Kxe7 43. h7 f6+ 44. Kh5 1-0

[Event "FRA-ch Accession"]
[Site "Agen"]
[Date "2017.08.19"]
[Round "4"]
[White "Bilquez, Romain"]
[Black "Guidez, Yann Michael"]
[Result "1/2-1/2"]
[WhiteElo "2219"]
[BlackElo "2271"]
[PlyCount "30"]
[EventDate "2017.08.19"]
[EventType "swiss"]
[EventRounds "9"]
[EventCountry "FRA"]
[SourceTitle "EXT 2019"]
[Source "ChessBase"]
[SourceDate "2018.10.10"]
[SourceVersion "1"]
[SourceVersionDate "2018.10.10"]
[SourceQuality "1"]

1. e4 e5 2. Nf3 Nc6 3. d4 exd4 4. Bc4 d6 5. Nxd4 Be7 6. 0-0 Nf6 7. Re1 0-0 8. Nc3 Nxd4 9. Qxd4 c6 10. a4 Ne8 11. Bf4 Bg5 12. Bg3 Bh4 13. Bf4 Bg5 14. Bg3 Bh4 15. Bf4 Bg5 1/2-1/2

[Event "Andorra op 34th"]
[Site "Escaldes"]
[Date "2016.08.10"]
[Round "8"]
[White "Ronce, Nathan"]
[Black "Bilquez, Romain"]
[Result "1/2-1/2"]
[WhiteElo "2122"]
[BlackElo "2183"]
[PlyCount "26"]
[EventDate "2016.08.03"]
[EventType "swiss"]
[EventRounds "9"]
[EventCountry "AND"]
[SourceTitle "CBM 173 Extra"]
[Source "ChessBase"]
[SourceDate "2016.08.29"]
[SourceVersion "1"]
[SourceVersionDate "2016.08.29"]
[SourceQuality "1"]

1. e4 e6 2. d4 d5 3. Bd3 Nf6 4. e5 Nfd7 5. f4 c5 6. c3 Nc6 7. Nf3 Qb6 8. Bc2 cxd4 9. cxd4 Nb4 10. 0-0 Nxc2 11. Qxc2 Be7 12. Nc3 f5 13. exf6 Nxf6 1/2-1/2

[Event "Andorra op 34th"]
[Site "Escaldes"]
[Date "2016.08.07"]
[Round "5"]
[White "Pein, Malcolm"]
[Black "Bilquez, Romain"]
[Result "1/2-1/2"]
[WhiteElo "2357"]
[BlackElo "2183"]
[PlyCount "82"]
[EventDate "2016.08.03"]
[EventType "swiss"]
[EventRounds "9"]
[EventCountry "AND"]
[SourceTitle "CBM 173 Extra"]
[Source "ChessBase"]
[SourceDate "2016.08.29"]
[SourceVersion "1"]
[SourceVersionDate "2016.08.29"]
[SourceQuality "1"]

1. Nf3 d5 2. c4 c6 3. e3 Nf6 4. b3 g6 5. Bb2 Bg7 6. Be2 0-0 7. 0-0 Nbd7 8. Qc2 Re8 9. Nc3 Nc5 10. d3 Bf5 11. Rfd1 dxc4 12. bxc4 e5 13. h3 Qa5 14. Nd2 Rad8 15. Nb3 Qb4 16. Nxc5 Qxc5 17. a4 Qa5 18. Qb3 Nd7 19. Ba3 Nc5 20. Qc2 Bxd3 21. Bxd3 Nxd3 22. Rxd3 Rxd3 23. Qxd3 e4 24. Qd7 Rd8 25. Bb4 Rxd7 26. Bxa5 b6 27. Rb1 bxa5 28. Rb8+ Bf8 29. Nxe4 Rd1+ 30. Kh2 Rc1 31. Ng5 h6 32. Nh7 Kxh7 33. Rxf8 Kg7 34. Rc8 Rxc4 35. Kg3 Kf6 36. f4 Ke6 37. Kf3 Kd7 38. Rf8 Ke7 39. Rc8 Kd7 40. Rf8 Ke6 41. Rc8 Kd7 1/2-1/2

[Event "Andorra op 34th"]
[Site "Escaldes"]
[Date "2016.08.04"]
[Round "2"]
[White "Bilquez, Romain"]
[Black "Cori, Jorge Moise"]
[Result "0-1"]
[WhiteElo "2183"]
[BlackElo "2601"]
[PlyCount "52"]
[EventDate "2016.08.03"]
[EventType "swiss"]
[EventRounds "9"]
[EventCountry "AND"]
[SourceTitle "CBM 173 Extra"]
[Source "ChessBase"]
[SourceDate "2016.08.29"]
[SourceVersion "1"]
[SourceVersionDate "2016.08.29"]
[SourceQuality "1"]

1. e4 e6 2. Nf3 d5 3. e5 c5 4. b4 cxb4 5. a3 Bd7 6. d4 Nc6 7. axb4 Bxb4+ 8. c3 Be7 9. Bd3 Na5 10. 0-0 a6 11. h4 Nc4 12. Ng5 Qc7 13. Qh5 Bxg5 14. Qxg5 g6 15. h5 Bb5 16. Qh4 gxh5 17. Bg5 Na3 18. Bxb5+ Nxb5 19. Na3 Nxc3 20. Qxh5 Rc8 21. Rfc1 b5 22. Nxb5 axb5 23. Rxc3 Qxc3 24. Ra7 Qe1+ 25. Kh2 Qxf2 26. Bf6 Qf4+ 0-1

[Event "Benidorm op U2300 12th"]
[Site "Benidorm"]
[Date "2013.12.01"]
[Round "3"]
[White "Martin Martin, Luis Vicente"]
[Black "Bilquez, Romain"]
[Result "1/2-1/2"]
[WhiteElo "2031"]
[BlackElo "2152"]
[PlyCount "54"]
[EventDate "2013.11.29"]
[EventType "swiss"]
[EventRounds "10"]
[EventCountry "ESP"]
[SourceTitle "CBM 157 Extra"]
[Source "ChessBase"]
[SourceDate "2013.12.19"]
[SourceVersion "1"]
[SourceVersionDate "2013.12.19"]
[SourceQuality "1"]

1. d4 Nf6 2. Bf4 d5 3. e3 c5 4. c3 Qb6 5. Qb3 c4 6. Qc2 g6 7. Nd2 Bf5 8. Qc1 Nc6 9. h3 Bg7 10. Ne2 Bd3 11. Bh2 0-0 12. f4 Ne4 13. Ng3 Nxg3 14. Bxg3 Bxf1 15. Rxf1 f6 16. Nf3 Rae8 17. Qd2 Qa5 18. Kf2 Nd8 19. Qe2 e5 20. fxe5 fxe5 21. Kg1 exd4 22. Nxd4 Bxd4 23. Rxf8+ Kxf8 24. Qf3+ Kg8 25. exd4 Rf8 26. Qe2 Qa4 27. Re1 Qd7 1/2-1/2

[Event "Benidorm op U2300 11th"]
[Site "Benidorm"]
[Date "2012.12.02"]
[Round "3"]
[White "Bilquez, Romain"]
[Black "Hristodorescu, Daniel"]
[Result "1/2-1/2"]
[WhiteElo "2105"]
[BlackElo "2223"]
[PlyCount "35"]
[EventDate "2012.11.30"]
[EventType "swiss"]
[EventRounds "10"]
[EventCountry "ESP"]
[SourceTitle "EXT 2014"]
[Source "ChessBase"]
[SourceDate "2013.11.20"]
[SourceVersion "1"]
[SourceVersionDate "2013.11.20"]
[SourceQuality "1"]

1. e4 c6 2. d3 d5 3. Nd2 Nd7 4. Ngf3 Qc7 5. Be2 Ngf6 6. 0-0 e5 7. c3 Bd6 8. h3 0-0 9. Qc2 Re8 10. Re1 b6 11. b3 a5 12. Bb2 Ba6 13. Rac1 Rad8 14. Bf1 dxe4 15. dxe4 Bxf1 16. Nxf1 b5 17. Rcd1 Nc5 18. Ng3 1/2-1/2

[Event "FRA-ch op-A"]
[Site "Caen"]
[Date "2011.08.19"]
[Round "4"]
[White "Devallee, Jeremie"]
[Black "Bilquez, Romain"]
[Result "1/2-1/2"]
[WhiteElo "2054"]
[BlackElo "2130"]
[PlyCount "119"]
[EventDate "2011.08.16"]
[EventType "swiss"]
[EventRounds "11"]
[EventCountry "FRA"]
[SourceTitle "CBM 144 Extra"]
[Source "ChessBase"]
[SourceDate "2011.10.28"]
[SourceVersion "1"]
[SourceVersionDate "2011.10.28"]
[SourceQuality "1"]

1. e4 e6 2. Nf3 d5 3. e5 c5 4. b4 cxb4 5. d4 Nc6 6. a3 bxa3 7. c3 f6 8. Bd3 fxe5 9. Nxe5 Nxe5 10. dxe5 Qc7 11. 0-0 Bc5 12. Bxa3 Ne7 13. Bb5+ Bd7 14. Bxd7+ Kxd7 15. Qa4+ Kd8 16. Bxc5 Qxc5 17. Na3 Qxc3 18. Rfe1 Nc6 19. Qg4 Re8 20. Qxg7 Qb4 21. Qg3 Nd4 22. Rab1 Qe7 23. Qc3 Nf5 24. Rec1 b6 25. Nb5 Qd7 26. Qa3 Re7 27. Rc7 Qe8 28. Qc3 Qxb5 29. Rxb5 Rxc7 30. Qd2 Rac8 31. Rb1 Rg7 32. h3 Rc4 33. Kh1 Rd7 34. Qg5+ Kc7 35. Qg8 Ng7 36. Qa8 Rc6 37. Qxa7+ Kd8 38. Qa8+ Rc8 39. Qa3 Rc6 40. Qf8+ Ne8 41. Ra1 Rc8 42. Ra6 Rb8 43. Qb4 d4 44. Qd2 Kc7 45. Ra7+ Rb7 46. Ra4 b5 47. Ra8 Ng7 48. Qb4 Kb6 49. Rc8 Rd5 50. Ra8 Rdd7 51. Qa5+ Kc5 52. Rc8+ Kd5 53. f4 Nf5 54. g3 Ke4 55. Kg2 Ra7 56. Qxb5 Ra2+ 57. Kg1 Ra1+ 58. Kf2 Ra2+ 59. Kg1 Ra1+ 60. Kf2 1/2-1/2